000 01035cab a2200253 4500
001 WB3131-38
008 090401t1995 xxu||||| |||| 00| 0 eng d
035 _a(Sirsi) u51729
041 _aeng
245 _aEnvironment Council makes good progress
260 _c1995
350 _a0
490 _aEnvironment Information Bulletin
_v(46) 12 August 1995, 2(1)
520 _aDiscusses the reaching of a Common Position on three draft directives - integrated pollution prevention and control (IPPC), major hazards involving dangerous substances and the assessment and management of ambient air quality. Includes a table showing how the EC makes environment law.
650 _aASSESSMENT AND MANAGEMENT OF AMBIENT AIR QUALITY
650 _aCOMMON POSITION
650 _aENVIRONMENT COUNCIL
650 _aEU DIRECTIVES
650 _aINTEGRATED POLLUTION PREVENTIION AND CONTROL
650 _aMAJOR HAZARDS INVOLVING DANGEROUS SUBSTANCES
690 _aENVIRONMENTAL AND LAND CONSULTANCY
942 _n0
948 _c04/03/1997
999 _c32101
_d32101